The Chemical process industries
Պահպանված է:
| Հիմնական հեղինակ: | |
|---|---|
| Ձևաչափ: | Գիրք |
| Լեզու: | անգլերեն |
| Հրապարակվել է: |
Nueva York
McGraw-Hill
1956
|
| Հրատարակություն: | 2a. ed |
| Շարք: | McGraw-Hill Series in Chemical Engineering
|
| Խորագրեր: | |
| Ցուցիչներ: |
Ավելացրեք ցուցիչ
Չկան պիտակներ, Եղեք առաջինը, ով նշում է այս գրառումը!
|
MARC
| LEADER | 00000nam a2200000 a 4500 | ||
|---|---|---|---|
| 001 | UCT3297 | ||
| 003 | CL-VaPUC | ||
| 008 | 961018e19560000US |||||||||||||||||eng|d | ||
| 082 | 0 | 4 | |a 660.281 |b SHR |2 21 |
| 100 | 0 | |a Shreve, Randolph Norris |e author |9 372216 | |
| 245 | 1 | 4 | |a The Chemical process industries |
| 250 | |a 2a. ed | ||
| 300 | |a 1004 p | ||
| 942 | |c BK | ||
| 945 | |d 19961018 00:00:00 |a lriquelm | ||
| 260 | |a Nueva York |b McGraw-Hill |c 1956 | ||
| 650 | 0 | |a Procesos industriales |9 334036 | |
| 650 | 7 | |a INDUSTRIA QUIMICA |2 CL-VaPUC |9 372217 | |
| 650 | 0 | |a Agua |9 257149 | |
| 650 | 7 | |a ENERGIA QUIMICA |2 CL-VaPUC |9 372218 | |
| 650 | 0 | |a Refrigeración |9 259343 | |
| 650 | 0 | |a Acondicionamiento de aire |9 365679 | |
| 650 | 0 | |a Gases |9 260945 | |
| 650 | 0 | |a Estados de la Materia |9 347141 | |
| 650 | 0 | |a Combustibles |9 271720 | |
| 650 | 7 | |a CARBON |2 CL-VaPUC |9 268755 | |
| 650 | 0 | |a Fuentes de energía |9 263042 | |
| 650 | 7 | |a JABONES |2 CL-VaPUC |9 365645 | |
| 650 | 0 | |a Industria alimentaria |9 331702 | |
| 650 | 0 | |a Plantas industriales |9 364524 | |
| 583 | |a last modification |c 19961018 00:00:00 |k Rodrigo Vera | ||
| 490 | 0 | |a McGraw-Hill Series in Chemical Engineering | |
| 999 | |c 252999 |d 252997 | ||
| 952 | |0 0 |1 0 |4 0 |6 660_281000000000000_SHR_1956 |7 0 |8 X |9 273294 |a BIBCUR |b BIBCUR |d 2019-11-19 |i 1767208 |o 660.281 SHR 1956 |p 1767208 |r 2025-04-22 |w 2019-11-19 |y BK_X |k BCB | ||